<?xml version="1.0" encoding="UTF-8"?><?xml-stylesheet type="text/xsl" href="static/style.xsl"?><OAI-PMH xmlns="http://www.openarchives.org/OAI/2.0/" xmlns:xsi="http://www.w3.org/2001/XMLSchema-instance" xsi:schemaLocation="http://www.openarchives.org/OAI/2.0/ http://www.openarchives.org/OAI/2.0/OAI-PMH.xsd"><responseDate>2026-06-06T19:32:19Z</responseDate><request verb="GetRecord" identifier="oai:riuma.uma.es:10630/7823" metadataPrefix="marc">https://riuma.uma.es/rest/oai/request</request><GetRecord><record><header><identifier>oai:riuma.uma.es:10630/7823</identifier><datestamp>2026-02-03T12:53:02Z</datestamp><setSpec>com_10630_5701</setSpec><setSpec>com_10630_3139</setSpec><setSpec>com_10630_10</setSpec><setSpec>col_10630_7786</setSpec></header><metadata><record xmlns="http://www.loc.gov/MARC21/slim" xmlns:dcterms="http://purl.org/dc/terms/" xmlns:doc="http://www.lyncode.com/xoai" xmlns:xsi="http://www.w3.org/2001/XMLSchema-instance" xsi:schemaLocation="http://www.loc.gov/MARC21/slim http://www.loc.gov/standards/marcxml/schema/MARC21slim.xsd">
   <leader>00925njm 22002777a 4500</leader>
   <datafield ind2=" " ind1=" " tag="042">
      <subfield code="a">dc</subfield>
   </datafield>
   <datafield ind2=" " ind1=" " tag="720">
      <subfield code="a">Gallegos-Reina, Antonio Jesús</subfield>
      <subfield code="e">author</subfield>
   </datafield>
   <datafield ind2=" " ind1=" " tag="260">
      <subfield code="c">2013</subfield>
   </datafield>
   <datafield ind2=" " ind1=" " tag="520">
      <subfield code="a">El artículo realiza una aproximación a los riesgos de inundación y erosión en la provincia&#xd;
de Málaga, desde la cuantificación y distribución cartográfica de los procesos de generación de&#xd;
escorrentía y sedimentos. Para estimar la generación de escorrentía se ha trabajado con el umbral&#xd;
de escorrentía y con las máximas lluvias diarias. La generación de sedimentos se ha modelizado&#xd;
aplicando cartográficamente la Ecuación Universal de Pérdida de Suelos. Finalmente, se han&#xd;
calculado diversas estadísticas para cada una de estas variables tanto a nivel provincial como&#xd;
municipal. Paralelamente, durante el trabajo se incide en la interrelación entre las peligrosidades&#xd;
por inundabilidad y erosión, y la necesidad de estudiar ambos riesgos de manera asociada.</subfield>
   </datafield>
   <datafield ind2=" " ind1=" " tag="520">
      <subfield code="a">The article is an approach to the risks of flooding and erosion in the province of Málaga,&#xd;
since the quantification and distribution mapping of runoff generation processes and sediments.&#xd;
To estimate runoff generation has worked with the runoff threshold and the maximum daily&#xd;
rainfall. Sediment generation was modeled by applying Universal Soil Loss Equation. Finally,&#xd;
various statistics were calculated for each of these variables at both the provincial and municipal&#xd;
levels. In parallel, during the work bearing on the interrelationship between the hazardousness&#xd;
by flooding and erosion, and the need to consider both risks together.</subfield>
   </datafield>
   <datafield ind1="8" ind2=" " tag="024">
      <subfield code="a">Baética, 35, 2013, p. 57-74</subfield>
   </datafield>
   <datafield ind1="8" ind2=" " tag="024">
      <subfield code="a">0212-5099</subfield>
   </datafield>
   <datafield ind1="8" ind2=" " tag="024">
      <subfield code="a">http://hdl.handle.net/10630/7823</subfield>
   </datafield>
   <datafield tag="653" ind2=" " ind1=" ">
      <subfield code="a">Erosión - Málaga</subfield>
   </datafield>
   <datafield ind2="0" ind1="0" tag="245">
      <subfield code="a">Cuantificación y distribución cartográfica de la generación de la generación de escorrentía y sedimentos en la provincia de Málaga</subfield>
   </datafield>
</record>
</metadata></record></GetRecord></OAI-PMH>